A freehand approach to technical drawing

Bibliographic Details
Main Authors: Colletti, Jack J. , 1907- (Author), Colletti, Paul J. (Author)
Format: Book
Published: Englewood Cliffs, NJ : Prentice-Hall , c1974
Subjects:

MARC

LEADER 00000cam a2200000 7i4500
001 0000003935
005 20170110093000.0
008 021118s1974
020 |a 0133305481 
090 0 0 |a T359   |b .C58 
100 0 |a Colletti, Jack J. ,   |d 1907- ,   |e author 
245 0 0 |a A freehand approach to technical drawing   |c Jack J. Colletti and Paul J. Colletti 
260 2 |a Englewood Cliffs, NJ :   |b Prentice-Hall ,   |c c1974 
300 |a 322 p . ; ;   |c 28 cm. 
504 |a Bibliography (p. 311) and index 
650 0 |a Freehand technical drawing 
700 0 |a Colletti, Paul J. ,   |e author 
999 |a 1000032926   |b Book   |c OPEN SHELF (30 DAYS)   |e Gong Badak Campus